Kurtuluş Savaşı öyküleri (Record no. 4176)

MARC details
000 -BAŞLIK
Sabit Uzunlukta Kontrol Alanı 00716na a2200253 4500
001 - KONTROL NUMARASI
Denetim Alanı 16034
003 - KONTROL NUMARASI IDENTIFIER
Denetim Alanı MIRAKIL
005 - SON İŞLEM TARİHİ VE ZAMANI
Denetim Alanı 20181213154956.0
008 - SABİT-BOY VERİ ELEMANLARI - GENEL BİLGİLER
Sabit Uzunlukta Kontrol Alanı 161013b tu 000 0
020 ## - ULUSLARARASI STANDART KİTAP NUMARASI
Uluslararası Standart Kitap Numarası 9786056191664
035 ## - SİSTEM KONTROL NUMARASI
Sistem Kontrol Numarası 16034
040 ## - KATALOGLAMA KAYNAK
Orijinal Kataloglama Ajansı Milas
Kataloglama Dili tur
Metne Dönüştürmek Ajansı TR-AnCHP
082 ## - DEWEY ONLU SINIFLANDIRMA NUMARASI
Sınıflandırma Numarası 813.42
Ürün Numarası S26k 2011
090 ## - SINIFLAMA NUMARASI
Sınıflama Numarası 813.42 S26k 2011
100 ## - ANA GİRİŞ - KİŞİSEL İSİM
Kişisel Ad Sarıhan, Zeki
245 ## - BAŞLIK TABLOSU
Başlık Kurtuluş Savaşı öyküleri
Başlığın Kalan 2. Kitap
Sorumluluk Tablosu, Vb Zeki Sarıhan
260 ## - YAYIN, DAĞITIM, VB
Yayın, Dağıtım, Vb Yeri Ankara
Yayıncı, Dağıtıcı, Vs Adı Öğretmen Dünyası Yayınları
Yayın, Dağıtım, Vb Tarihi 2011
300 ## - FİZİKSEL TANIM
Kapsam 120 s.
Boyutlar 19 sm.
490 ## - SERİSİ TABLOSU
Seri Beyanı Kurtuluş Savaşı Dizisi
Hacim / Ardışık Tanımı 4
504 ## - KAYNAKÇA VB NOT
Kaynakça Vb Notu Kaynakça var.
650 ## - KONU KATMA GİRİŞ - TOPİKAL DÖNEM
Topikal Süreli Veya Coğrafi Ad Giriş Elemanı Kurtuluş Savaşı, Edebiyatta
Genel Alt Bölümü Öyküler
650 ## - KONU KATMA GİRİŞ - TOPİKAL DÖNEM
Topikal Süreli Veya Coğrafi Ad Giriş Elemanı Türkçe öykü
942 ## - EKLENDİ GİRİŞ ELEMANLARI (KOHA)
Sınıflandırma Veya Raf Düzeni Kaynak Dewey Decimal Classification
Koha Öğesi Türü Books
999 ## - SİSTEM KONTROL NUMARALARI (KOHA)
Koha Biblionumber 4176
Koha Biblioitemnumber 4176
Holdings
Kalıcı Konum Mevcut Konum Edinme Tarihi Edinim Kaynak Toplam Check-Out'Lar Tam Çağrı Numarası Barkod Tarih Son Görülme İtibaren Geçerli Fiyatlar Koha Öğesi Türü
CHP Kütüphanesi CHP Kütüphanesi 09/29/2016 Bağış   813.42 S26k 2011 004640 09/29/2016 09/29/2016 Books